00747nam a2200109Ia 4500020001800000082002000018245003100038260003600069500047500105650003000580700002700610 a9781412909280 aRR 158.303 ENC- 0aEncyclopedia of counseling aLondonbSage Publicationsc2008 acontents: 4 vols . vol.1 (changes and challenges for counseling in the 21st century), (edited by Elizabeth M . Altmaier and Brian D. Johnson), (xxxi, 442p.) - v.2 (personal and emotional counseling), (edited by Howard E. A. Tinsley and Suzanne H. Lease), (xxvi, 940p.) - v.3 (cross- cultural counseling), (edited by Madonna G. Constantine and Roger L. Worthington), (xxvi, 1390p.) - v.4 (Career counseling), (edited by W. Bruce Walsh and Paul J. Hartung), (xxii, 1870p.) aCounselingvEncyclopedias aLeong, Frederick T. L.